00557nam a22001457a 4500008004100000040005500041080001600096245007500112260003500187300001100222650001200233942001200245999001700257952013700274230221b |||||||| |||| 00| 0 eng d aNational Science LibrarycNational Science Library a624(08)bK4 aTransactions of the American society of civil engineersc/ The Society aLondon: bThe Society, c1964 a1006p. aScience 2udccBK c47018d47018 00102udc40662408_K470971472aNSLbNSLcGF/Rk-13/C-11/R-4d1965-02-03l0o624(08) K4p11390r2023-06-23 00:00:00w2023-06-23yBK